Asie - nejrychleji se rozvíjejíci kontinent

Rýchly hospodársky rozvoj Ázie za posledné desaťročia. Vysoké tempo rastu hrubého domáceho produktu. Nerovnomerný vývoj ázijských krajín. Vývoz. Charakteristika 3 skupín ázijských štátov. 1. Japonsko, Južná Kórea, Hongkong, Tchaj-wan, Singapur, Thajsko, Malajzia, Čína. 2. India a iné štáty ako napr....

Ausführliche Beschreibung

Gespeichert in:
Bibliographische Detailangaben
1. Verfasser: Kleer, J.
Format: Buchkapitel
Sprache:Tschechisch
Schlagworte:
Tags: Tag hinzufügen
Keine Tags, Fügen Sie das erste Tag hinzu!

MARC

LEADER 00000naa a2200000 4500
001 r015154
005 20221205085925.3
041 0 |a cze 
044 |a CZ 
245 1 0 |a Asie - nejrychleji se rozvíjejíci kontinent  |c J. Kleer 
520 |a Rýchly hospodársky rozvoj Ázie za posledné desaťročia. Vysoké tempo rastu hrubého domáceho produktu. Nerovnomerný vývoj ázijských krajín. Vývoz. Charakteristika 3 skupín ázijských štátov. 1. Japonsko, Južná Kórea, Hongkong, Tchaj-wan, Singapur, Thajsko, Malajzia, Čína. 2. India a iné štáty ako napr. Srí Lanka. 3. Krajiny, ktoré sa opierajú o islamský fundamentalizmus. 
610 2 0 |a rozvoj hospodársky 
610 2 0 |a Ázia 
610 2 0 |a produkt domáci hrubý 
610 2 0 |a vývoz 
100 1 |a Kleer, J.